00657nam a2200109Ia 4500008004100000100002700041245011500068260004100183650001400224650026000238856004900498171212s9999 xx 000 0 und d aSavelsberg, Joachim J. cSavelsberg, Joachim J.aRepresenting Mass ViolencebConflicting Responses to Human Rights Violations in Darfur bUniversity of California Pressc2015 aSociology aSudan -- History -- Darfur Conflict, 2003 -- Foreign public opinion; Sudan -- History -- Darfur Conflict, 2003 -- Press coverage; Sudan -- History -- Darfur Conflict, 2003 -- Mass media and the conflict; Violence -- Sudan -- Darfur al-Janubiyah (Province) uhttp://jstor.org/stable/10.1525/j.ctt1ffjn3g